[Event "FIDE World Rapid Team"]
[Site "London ENG"]
[Date "2025.06.12"]
[Round "6.5"]
[White "Tsolakidou, Stavroula"]
[Black "Hou, Yifan"]
[Result "1/2-1/2"]
[WhiteTitle "IM"]
[BlackTitle "GM"]
[WhiteElo "2428"]
[BlackElo "2633"]
[WhiteTeam "Team MGD1"]
[BlackTeam "WR Chess Team"]
[WhiteFideId "4264312"]
[BlackFideId "8602980"]
[EventDate "2025.06.11"]
[EventType "team"]

1. e4 c5 2. Nf3 e6 3. c3 d5 4. e5 Nc6 5. d4 Bd7 6. Be2 Nge7 7. Na3 Ng6 8. Nc2 f6
9. exf6 Qxf6 10. Bg5 Qf7 11. O-O Bd6 12. dxc5 Bxc5 13. c4 O-O 14. Qd2 Nf4 15.
Bxf4 Qxf4 16. Rad1 Qxd2 17. Rxd2 Rae8 18. cxd5 exd5 19. Rxd5 Rxe2 20. Rxc5 Bg4
21. Re1 Bxf3 22. gxf3 Rd2 23. Kg2 Rf6 24. Re4 Rg6+ 25. Rg4 Re6 26. Re4 Rg6+ 27.
Rg4 Re6 1/2-1/2

[Event "FIDE World Rapid Team"]
[Site "London ENG"]
[Date "2025.06.12"]
[Round "6.1"]
[White "Mamedov, Rauf"]
[Black "Keymer, Vincent"]
[Result "0-1"]
[WhiteTitle "GM"]
[BlackTitle "GM"]
[WhiteElo "2657"]
[BlackElo "2730"]
[WhiteTeam "Freedom"]
[BlackTeam "Germany and Friends"]
[WhiteFideId "13401653"]
[BlackFideId "12940690"]
[EventDate "2025.06.11"]
[EventType "team"]

1. e4 e5 2. Nf3 Nc6 3. Bc4 Nf6 4. d3 h6 5. Nc3 Bb4 6. O-O Bxc3 7. bxc3 O-O 8.
Re1 d6 9. h3 Re8 10. Bb3 Ne7 11. Nh4 a5 12. a4 Be6 13. Qf3 Ng6 14. Nxg6 fxg6 15.
d4 Qe7 16. Ba3 Qf7 17. Rab1 b6 18. Re3 Bc4 19. Qd1 Rad8 20. Qe1 g5 21. d5 Ba6
22. c4 Kh8 23. c5 dxc5 24. c4 Nh5 25. Bb2 Nf4 26. Kh2 Bc8 27. Bd1 Rd6 28. Bc3
Rf6 29. Rb2 h5 30. f3 Qg6 31. Qg3 Qh6 32. Kg1 Rg6 33. Qh2 g4 34. hxg4 Nh3+ 35.
Qxh3 Qxe3+ 36. Kf1 Qxc3 37. Qxh5+ Rh6 38. Qxe8+ Kh7 39. Re2 Qd4 40. Re1 Ba6 41.
Bb3 Rh1+ 42. Ke2 Qb2+ 43. Kd3 Qxb3+ 44. Kd2 Qb4+ 45. Kd3 0-1

[Event "FIDE World Rapid Team"]
[Site "London ENG"]
[Date "2025.06.12"]
[Round "6.2"]
[White "Svane, Rasmus"]
[Black "Sevian, Samuel"]
[Result "1/2-1/2"]
[WhiteTitle "GM"]
[BlackTitle "GM"]
[WhiteElo "2626"]
[BlackElo "2687"]
[WhiteTeam "Germany and Friends"]
[BlackTeam "Freedom"]
[WhiteFideId "4657101"]
[BlackFideId "2040506"]
[EventDate "2025.06.11"]
[EventType "team"]

1. Nf3 Nf6 2. d4 d5 3. c4 e6 4. Nc3 Bb4 5. Bg5 h6 6. Bxf6 Qxf6 7. Qa4+ Nc6 8. e3
O-O 9. Be2 dxc4 10. Bxc4 e5 11. O-O exd4 12. Nd5 Qd6 13. Nxd4 Nxd4 14. Qxb4 Qxb4
15. Nxb4 Ne6 16. Rfd1 Re8 17. Rac1 c6 18. a3 Kf8 19. f3 Nc7 20. Kf2 Be6 21. Bxe6
Nxe6 22. Rd7 a5 23. Nd3 Rad8 24. Rxd8 Rxd8 25. Ke2 Rd5 26. e4 1/2-1/2

[Event "FIDE World Rapid Team"]
[Site "London ENG"]
[Date "2025.06.12"]
[Round "6.3"]
[White "Le, Quang Liem"]
[Black "Svane, Frederik"]
[Result "1-0"]
[WhiteTitle "GM"]
[BlackTitle "GM"]
[WhiteElo "2729"]
[BlackElo "2667"]
[WhiteTeam "Freedom"]
[BlackTeam "Germany and Friends"]
[WhiteFideId "12401137"]
[BlackFideId "12923044"]
[EventDate "2025.06.11"]
[EventType "team"]

1. d4 e6 2. c4 Nf6 3. Nf3 d5 4. Nc3 Bb4 5. Bg5 h6 6. Bxf6 Qxf6 7. Qa4+ Nc6 8. e3
O-O 9. Rc1 Rd8 10. Qb3 a5 11. a3 a4 12. Qc2 Ba5 13. cxd5 exd5 14. Bd3 Bg4 15.
Nd2 Ne7 16. O-O c6 17. h3 Bf5 18. Rfd1 Bxd3 19. Qxd3 Qf5 20. Qe2 Bb6 21. Nf3 Re8
22. Rd3 Bc7 23. Rb1 Nc8 24. b3 axb3 25. Rxb3 b5 26. Qc2 Nd6 27. Ne5 Nc4 28. Nxc6
Rxa3 29. Nxb5 Nxe3 30. fxe3 Rxe3 31. Nxc7 Rxb3 32. Qxb3 Qxd3 33. Qxd3 Rxd3 34.
Nxd5 Rd2 35. Ne3 g6 36. d5 Kf8 37. Ne5 Re2 38. N3c4 Rc2 39. d6 f6 40. Nxg6+ Kf7
41. d7 Rc1+ 42. Kh2 Rd1 43. Nh4 Rxd7 44. Ne3 h5 45. Kg3 Rd3 46. Kf3 Rd4 47. g3
Ra4 48. Nhg2 Rb4 49. Nf4 Rb5 50. Nfd5 Ra5 51. Nc3 Ra3 52. Ne4 Kg6 53. Nd6 Ra5
54. Ng2 Ra3+ 55. Kf4 Ra4+ 56. Ne4 Ra1 57. Nh4+ Kf7 58. Nf3 Ra4 59. Ne1 Ra1 60.
Nd3 Rf1+ 61. Ke3 Rh1 62. Nf4 h4 63. Nd6+ Kg8 64. g4 Ra1 65. Nf5 Ra3+ 66. Nd3 Ra7
67. Nf2 Ra3+ 68. Kf4 Ra4+ 69. Ne4 Ra3 70. Nxf6+ Kh8 71. Ne3 Ra1 72. Kg5 Kg7 73.
Nh5+ Kf7 74. Nf5 Ra3 75. Kxh4 Ke6 76. Kg5 Ra8 77. Kg6 Ra4 78. g5 Ke5 79. h4 Ra5
80. Nhg3 Kf4 81. Kh6 Ke5 82. g6 Ra6 83. Kh7 Ra7+ 84. g7 Kf6 85. Kh8 1-0

[Event "FIDE World Rapid Team"]
[Site "London ENG"]
[Date "2025.06.12"]
[Round "6.4"]
[White "Kollars, Dmitrij"]
[Black "Sarana, Alexey"]
[Result "1/2-1/2"]
[WhiteTitle "GM"]
[BlackTitle "GM"]
[WhiteElo "2633"]
[BlackElo "2686"]
[WhiteTeam "Germany and Friends"]
[BlackTeam "Freedom"]
[WhiteFideId "12909572"]
[BlackFideId "24133795"]
[EventDate "2025.06.11"]
[EventType "team"]

1. e4 c5 2. Nf3 d6 3. Bb5+ Bd7 4. Bxd7+ Qxd7 5. c4 Nc6 6. Nc3 Nf6 7. d4 cxd4 8.
Nxd4 Qg4 9. Qxg4 Nxg4 10. Nxc6 bxc6 11. c5 dxc5 12. Ke2 e6 13. Bf4 Rg8 14. h4 h6
15. h5 O-O-O 16. Rac1 Nf6 17. f3 Nd7 18. Na4 g6 19. hxg6 Rxg6 20. Kf2 f5 21.
exf5 exf5 22. Rhd1 Bg7 23. Kf1 Nf6 24. Rxd8+ Kxd8 25. Be5 c4 26. Bxf6+ Rxf6 27.
Rxc4 Rd6 28. Rc2 Kc7 29. Ke2 Re6+ 30. Kd3 Rd6+ 31. Ke3 f4+ 32. Ke2 Rd5 33. Nc3
Bxc3 34. Rxc3 Rg5 35. Kf1 Ra5 36. a3 Rb5 37. b4 a5 38. Rc4 1/2-1/2

[Event "FIDE World Rapid Team"]
[Site "London ENG"]
[Date "2025.06.12"]
[Round "6.5"]
[White "Muzychuk, Anna"]
[Black "Wagner, Dinara"]
[Result "1/2-1/2"]
[WhiteTitle "GM"]
[BlackTitle "IM"]
[WhiteElo "2535"]
[BlackElo "2404"]
[WhiteTeam "Freedom"]
[BlackTeam "Germany and Friends"]
[WhiteFideId "14111330"]
[BlackFideId "24157570"]
[EventDate "2025.06.11"]
[EventType "team"]

1. e4 c5 2. Nf3 d6 3. Bb5+ Bd7 4. c4 Nc6 5. d4 cxd4 6. Nxd4 Nf6 7. Nc3 a6 8.
Bxc6 Bxc6 9. Nxc6 bxc6 10. O-O g6 11. Qa4 Qd7 12. Rd1 Qb7 13. c5 dxc5 14. e5 Nd7
15. e6 fxe6 16. Qc4 Nf6 17. Qxe6 Qc8 18. Qc4 Qg4 19. Qxc5 Rc8 20. Bg5 Bg7 21.
Re1 O-O 22. h3 Qf5 23. Qxf5 gxf5 24. Rxe7 Nd5 25. Nxd5 cxd5 26. Rd1 d4 27. Re2
Rf7 28. Kf1 Rd7 29. Rd3 Kf7 30. Bf4 Rd5 31. f3 h5 32. Kf2 Bf6 33. g3 Rc6 34. Rb3
Rd7 35. Rd2 Re7 36. h4 Kg6 37. Re2 Rd7 38. Rd3 Rd5 39. Bd2 Rb5 40. Be1 f4 41.
Kg2 fxg3 42. Bxg3 Kf5 43. Bf2 Rd5 44. Red2 Rcd6 45. Rc2 Rd7 46. Rc6 a5 47. b3
Re7 48. Kf1 Rb7 49. Rc4 Rbd7 50. a3 Rb7 51. b4 axb4 52. axb4 Ra7 53. Rc5 Rxc5
54. bxc5 Ra1+ 55. Kg2 Rc1 56. Bxd4 Bxd4 57. Rxd4 Rxc5 58. Kg3 Ra5 59. Rd8 Kg6
60. Re8 Ra1 61. Re6+ Kf7 62. Re5 Kg6 63. Rg5+ Kh6 64. Rd5 Ra4 65. Re5 Rb4 66.
Re4 Rb5 67. Re6+ Kg7 68. Kf4 Rb1 69. Kg5 Rb5+ 70. Kf4 Rb1 71. Kf5 Rb5+ 72. Re5
Rb4 73. Kg5 Rb3 74. f4 Rg3+ 75. Kxh5 Kf7 76. Rf5+ Ke6 77. Rg5 Rf3 78. Kg6 Rxf4
79. h5 Ke7 80. h6 Rf6+ 81. Kh5 Rf1 82. Kg6 Rf6+ 83. Kg7 Rf7+ 84. Kg8 Rf8+ 85.
Kh7 Rf1 86. Kg6 1/2-1/2

[Event "FIDE World Rapid Team"]
[Site "London ENG"]
[Date "2025.06.12"]
[Round "6.6"]
[White "Lobkin, Bohdan"]
[Black "Mani, Sarbartho"]
[Result "1-0"]
[WhiteElo "1900"]
[BlackElo "1847"]
[WhiteTeam "Germany and Friends"]
[BlackTeam "Freedom"]
[WhiteFideId "34115552"]
[BlackFideId "366112022"]
[EventDate "2025.06.11"]
[EventType "team"]

1. b3 d5 2. Bb2 Nf6 3. Nf3 e6 4. c4 Be7 5. e3 O-O 6. Be2 b6 7. O-O Bb7 8. Qc2
Nbd7 9. Nc3 Rc8 10. cxd5 exd5 11. d4 Ne4 12. Rac1 f5 13. Nb5 c6 14. Nxa7 Rc7 15.
Nb5 Rc8 16. Nc3 Bd6 17. Nxe4 fxe4 18. Ne5 Qe7 19. Bg4 Rc7 20. Nxd7 Rxd7 21. Bxd7
Qxd7 22. f4 Rf6 23. a4 Be7 24. Bc3 Ba6 25. Rfd1 Rg6 26. a5 bxa5 27. Bxa5 Qg4 28.
Re1 Bh4 29. Kh1 Bd3 30. Qd2 Bxe1 31. Rxe1 h5 32. Bc7 Qf5 33. Qf2 Kh7 34. Qh4 Re6
35. h3 Qf7 36. Be5 Kg8 37. Ra1 Re8 38. Qg5 Kh7 39. Qh4 Kg8 40. Rg1 Be2 41. Qf2
Bd3 42. g4 h4 43. Qxh4 Ra8 44. Rg2 Ra1+ 45. Kh2 Ra8 46. Qg5 Ra7 47. f5 Ra8 48.
Kg3 Ra3 49. f6 g6 50. h4 Qh7 51. f7+ Qxf7 52. Rf2 Qe8 53. Qh6 1-0

[Event "FIDE World Rapid Team"]
[Site "London ENG"]
[Date "2025.06.12"]
[Round "6.1"]
[White "Van Foreest, Jorden"]
[Black "Rapport, Richard"]
[Result "0-1"]
[WhiteTitle "GM"]
[BlackTitle "GM"]
[WhiteElo "2687"]
[BlackElo "2714"]
[WhiteTeam "Knight Dance"]
[BlackTeam "KazChess"]
[WhiteFideId "1039784"]
[BlackFideId "738590"]
[EventDate "2025.06.11"]
[EventType "team"]

1. e4 c5 2. Nf3 Nc6 3. d4 cxd4 4. Nxd4 Qb6 5. Nb3 e6 6. Nc3 Qc7 7. Qf3 a6 8. Bf4
d6 9. O-O-O Nf6 10. Be2 h5 11. Kb1 Ne5 12. Qg3 h4 13. Qe3 Be7 14. f3 b5 15. a3
Rb8 16. g3 Nc4 17. Qd3 Nd7 18. gxh4 Nde5 19. Bxe5 dxe5 20. Rhg1 Bb7 21. Na2 g6
22. Qc3 Rc8 23. Bxc4 bxc4 24. Na5 Ba8 25. Rg2 Bxh4 26. Rgd2 O-O 27. Rd7 Qc5 28.
Qb4 Qf2 29. Qc3 Qxh2 30. Nb4 Bf2 31. Nxc4 a5 32. Nd3 Bd4 33. Rxd4 exd4 34. Qxd4
Rfd8 35. Qf6 a4 36. Rc1 Qh8 37. Qg5 Qh5 38. Qf6 Qh8 39. Qg5 Qh5 40. Qe7 Re8 41.
Qb4 Qxf3 42. Nd6 Rb8 43. Qd4 Red8 44. Ne5 Qxe4 45. Qf2 Rxb2+ 46. Ka1 Qxe5 47.
Qxf7+ Kh8 48. Nc4 Qc3 0-1

[Event "FIDE World Rapid Team"]
[Site "London ENG"]
[Date "2025.06.12"]
[Round "6.2"]
[White "Grischuk, Alexander"]
[Black "Moussard, Jules"]
[Result "0-1"]
[WhiteTitle "GM"]
[BlackTitle "GM"]
[WhiteElo "2667"]
[BlackElo "2597"]
[WhiteTeam "KazChess"]
[BlackTeam "Knight Dance"]
[WhiteFideId "4126025"]
[BlackFideId "642908"]
[EventDate "2025.06.11"]
[EventType "team"]

1. d4 d5 2. c4 e6 3. Nc3 Be7 4. cxd5 exd5 5. Bf4 c6 6. e3 Bf5 7. Nge2 Nd7 8. h4
g6 9. h5 g5 10. Bh2 Nh6 11. Ng3 Be6 12. Bd3 Bd6 13. Nf1 Qe7 14. Qc2 f5 15. Bxd6
Qxd6 16. O-O-O O-O-O 17. Nd2 Kb8 18. Kb1 f4 19. e4 dxe4 20. Ndxe4 Qe7 21. Rhe1
Rhe8 22. Bf1 Bf5 23. Ka1 Nf6 24. f3 Nd5 25. Qf2 Ne3 26. Rxe3 fxe3 27. Qxe3 Nf7
28. g4 Bc8 29. a3 h6 30. Qf2 Nd6 31. Qg3 Qc7 32. Nc5 Nb5 33. Qf2 Nxd4 34. Rb1
Qf7 35. Bg2 b6 0-1

[Event "FIDE World Rapid Team"]
[Site "London ENG"]
[Date "2025.06.12"]
[Round "6.3"]
[White "Dardha, Daniel"]
[Black "Esipenko, Andrey"]
[Result "1/2-1/2"]
[WhiteTitle "GM"]
[BlackTitle "GM"]
[WhiteElo "2646"]
[BlackElo "2689"]
[WhiteTeam "Knight Dance"]
[BlackTeam "KazChess"]
[WhiteFideId "240990"]
[BlackFideId "24175439"]
[EventDate "2025.06.11"]
[EventType "team"]

1. e4 e5 2. Nf3 Nf6 3. Nxe5 d6 4. Nd3 Nxe4 5. Nf4 d5 6. d4 c6 7. Bd3 Bd6 8. O-O
O-O 9. c4 Nf6 10. Nc3 dxc4 11. Bxc4 Nbd7 12. Bb3 Nb6 13. h3 Re8 14. Bc2 Bc7 15.
Qd3 Qd6 16. g3 g6 17. Qf3 Bd7 18. Nxg6 fxg6 19. Bf4 Qf8 20. Bxc7 Bxh3 21. Rfe1
Nbd5 22. Be5 Qf7 23. Nxd5 Nxd5 24. Qh1 Bf5 25. Bb3 Bg4 26. Qh6 Bf3 27. Re3 Re7
28. Bd6 Re6 29. Be5 Re7 30. Bd6 Re6 31. Rae1 Nxe3 32. Bxe6 Qxe6 33. Qxe3 Qxd6
34. Qxf3 Rf8 35. Qb3+ Rf7 36. Re4 Kg7 37. Qe3 Qd5 38. Re8 Qxa2 39. Qe5+ Kh6 40.
Qe3+ Kg7 41. Qe5+ Kh6 42. Qe3+ Kg7 43. Qe5+ 1/2-1/2

[Event "FIDE World Rapid Team"]
[Site "London ENG"]
[Date "2025.06.12"]
[Round "6.4"]
[White "Sadvakasov, Darmen"]
[Black "Maurizzi, Marc'Andria"]
[Result "0-1"]
[WhiteTitle "GM"]
[BlackTitle "GM"]
[WhiteElo "2629"]
[BlackElo "2607"]
[WhiteTeam "KazChess"]
[BlackTeam "Knight Dance"]
[WhiteFideId "13700464"]
[BlackFideId "36083534"]
[EventDate "2025.06.11"]
[EventType "team"]

1. e4 e5 2. Nf3 Nc6 3. Bb5 Nf6 4. O-O Nxe4 5. d4 Nd6 6. Bxc6 dxc6 7. dxe5 Nf5 8.
Qxd8+ Kxd8 9. Nc3 Ke8 10. h3 a5 11. Re1 Bb4 12. Bd2 Be6 13. a3 Bxc3 14. Bxc3 h6
15. g4 Ne7 16. Kg2 c5 17. Kg3 Kd7 18. Nh4 g5 19. Ng2 Ng6 20. Bd2 Kc6 21. Rad1 a4
22. f3 Rad8 23. Bc3 b5 24. h4 gxh4+ 25. Nxh4 Rdg8 26. Rh1 Ne7 27. Ng2 h5 28. Nf4
Nf5+ 29. Kf2 hxg4 30. fxg4 Rxh1 31. Rxh1 Rxg4 32. Kf3 Rg8 33. Kf2 Rg4 34. Kf3
Nh4+ 35. Ke3 Rg3+ 36. Ke2 Nf5 37. Kf2 Rg8 38. Ne2 Bd5 39. Rh5 Rg2+ 40. Kf1 Ne3+
41. Ke1 Nxc2+ 42. Kd2 Nd4 43. Rh6+ Kd7 44. Bxd4 cxd4 45. Ke1 d3 46. Nc3 Bc4 0-1

[Event "FIDE World Rapid Team"]
[Site "London ENG"]
[Date "2025.06.12"]
[Round "6.5"]
[White "Roebers, Eline"]
[Black "Kamalidenova, Meruert"]
[Result "1/2-1/2"]
[WhiteTitle "IM"]
[BlackTitle "IM"]
[WhiteElo "2356"]
[BlackElo "2330"]
[WhiteTeam "Knight Dance"]
[BlackTeam "KazChess"]
[WhiteFideId "1058401"]
[BlackFideId "13712802"]
[EventDate "2025.06.11"]
[EventType "team"]

1. f4 Nf6 2. Nf3 g6 3. g3 b6 4. Bg2 Bb7 5. O-O Bg7 6. d3 O-O 7. e4 d6 8. h3 c5
9. g4 Nc6 10. a4 a6 11. Nc3 Nd4 12. Nxd4 cxd4 13. Ne2 Nd7 14. c3 dxc3 15. bxc3
Nc5 16. f5 d5 17. e5 Rc8 18. d4 Ne4 19. Qd3 Qc7 20. Ba3 Bh6 21. h4 f6 22. exf6
exf6 23. Bxf8 Rxf8 24. fxg6 hxg6 25. Bxe4 dxe4 26. Qg3 Qc6 27. g5 e3 28. Kh2
fxg5 29. hxg5 Bg7 30. Qg4 Re8 31. Rf4 Bc8 32. Qg2 Qc7 33. Rf1 Bb7 34. Qg3 Qc4
35. Qg4 Qc7 36. Qg3 Qc4 37. Qg4 Qc7 38. Qg3 Qc4 39. Qg4 1/2-1/2

[Event "FIDE World Rapid Team"]
[Site "London ENG"]
[Date "2025.06.12"]
[Round "6.6"]
[White "Aiten, Islam"]
[Black "Phulpin, Theo"]
[Result "1-0"]
[WhiteElo "1950"]
[BlackElo "1773"]
[WhiteTeam "KazChess"]
[BlackTeam "Knight Dance"]
[WhiteFideId "13749420"]
[BlackFideId "36001600"]
[EventDate "2025.06.11"]
[EventType "team"]

1. d4 f5 2. e4 fxe4 3. Nc3 Nf6 4. Bg5 g6 5. Bxf6 exf6 6. Nxe4 Qe7 7. Qe2 Bg7 8.
O-O-O d5 9. Nc3 Qxe2 10. Bxe2 c6 11. Bf3 O-O 12. Nge2 Nd7 13. Rhe1 Nb6 14. Kb1
Bd7 15. Nf4 Rae8 16. Nd3 Nc4 17. Nxd5 Rxe1 18. Nxe1 Be6 19. Nf4 Bf7 20. Ned3 g5
21. Nh5 Bd5 22. Bxd5+ cxd5 23. Re1 Kf7 24. Nxg7 Kxg7 25. Nc5 Rf7 26. b3 Na3+ 27.
Kb2 Nb5 28. c3 b6 29. Na6 Kg6 30. a4 Nc7 31. Nb8 Kf5 32. Nc6 a6 33. Ne7+ Kg4 34.
h3+ Kf4 35. Re3 g4 36. hxg4 Kxg4 37. c4 dxc4 38. bxc4 f5 39. d5 f4 40. Re4 Ne8
41. Nc8 Nf6 42. Rd4 Nd7 43. Nd6 Re7 44. Ne4 Kf5 45. f3 Ke5 46. Rd2 Rg7 47. Kc3
a5 48. Re2 Kf5 49. Nd6+ Kg6 50. Ne4 Nc5 51. Nxc5 bxc5 52. Rb2 Kf5 53. Kd3 h5 54.
Re2 h4 55. Kc3 Rh7 56. Rd2 Rd7 57. Rb2 Rg7 58. Re2 Rd7 59. Kd3 Rb7 60. Kc3 Rd7
61. Rb2 Rg7 62. Kd3 Ke5 63. Re2+ Kf5 64. Kc3 Rg6 65. Kd2 Rb6 66. Ke1 Rb1+ 67.
Kf2 Rb4 68. d6 Rb6 69. Rd2 Ke6 70. d7 Rb8 71. d8=Q Rxd8 72. Rxd8 Ke5 73. Rh8 Kf5
74. Rxh4 Ke6 75. Rxf4 Ke5 76. Re4+ Kf5 77. g4+ Kf6 78. f4 Kg6 79. Re6+ Kf7 80.
f5 Kg7 81. Kf3 Kf7 82. Kf4 Kg7 83. g5 Kf7 84. g6+ Kg7 85. Re7+ Kg8 86. f6 Kf8
87. Kf5 Kg8 88. Re8# 1-0

[Event "FIDE World Rapid Team"]
[Site "London ENG"]
[Date "2025.06.12"]
[Round "6.1"]
[White "McShane, Luke J"]
[Black "Kozak, Adam"]
[Result "1/2-1/2"]
[WhiteTitle "GM"]
[BlackTitle "GM"]
[WhiteElo "2615"]
[BlackElo "2587"]
[WhiteTeam "Malcolm's Mates"]
[BlackTeam "Team Hungary"]
[WhiteFideId "404853"]
[BlackFideId "753246"]
[EventDate "2025.06.11"]
[EventType "team"]

1. e4 c5 2. Nf3 d6 3. d4 cxd4 4. Nxd4 Nf6 5. Nc3 Nc6 6. Be2 g6 7. Be3 Bd7 8. Qd2
Bg7 9. O-O-O O-O 10. Kb1 a6 11. f4 Re8 12. Bf3 Bg4 13. Rhe1 Bxf3 14. gxf3 Rc8
15. f5 Ne5 16. b3 Qa5 17. Nce2 Qa3 18. Qc1 Qb4 19. Qd2 Qa3 20. Qc1 Qa5 21. Qd2
Qc7 22. Ng3 Nfd7 23. f4 Nc6 24. fxg6 hxg6 25. Ndf5 Bf8 26. e5 d5 27. e6 fxe6 28.
Nh4 Bg7 29. Rc1 Nf8 30. Ne2 Qa5 31. c3 d4 32. Nxd4 Red8 33. Nhf3 Qd5 34. Qe2 b5
35. Bf2 Nxd4 36. Bxd4 Bf6 37. Be5 Qd3+ 38. Kb2 Qxe2+ 39. Rxe2 Rd3 40. Nd2 Nd7
41. Bxf6 exf6 42. Ne4 Kf7 43. Kc2 Rd5 44. Rce1 Rc6 45. Re3 Rh5 46. R1e2 Nb6 47.
Rf2 Nd5 48. Ref3 Ke7 49. Rg3 Rh6 50. Kb2 Rc8 51. a3 Rc6 52. Nd2 Nb6 53. Nf3 Kf7
54. Nd4 Rd6 55. Kc2 Rh7 56. Rd3 Rh5 57. Rfd2 Nd5 58. Rf3 Rh4 59. Ne2 Rxh2 60. c4
bxc4 61. bxc4 Rc6 62. Kb3 Ne7 63. Rfd3 Rb6+ 64. Kc3 Rh8 65. Rd7 Rh3+ 66. R2d3
Rxd3+ 67. Rxd3 e5 68. fxe5 fxe5 69. c5 Rc6 70. Kc4 Ke6 71. Nc3 Nc8 72. Ne4 Nb6+
73. Kb4 Nd5+ 74. Kc4 Nb6+ 75. Kb4 Nd5+ 76. Kc4 Nb6+ 77. Kb4 1/2-1/2

[Event "FIDE World Rapid Team"]
[Site "London ENG"]
[Date "2025.06.12"]
[Round "6.2"]
[White "Kantor, Gergely"]
[Black "Maroroa Jones, Gawain C B"]
[Result "0-1"]
[WhiteTitle "GM"]
[BlackTitle "GM"]
[WhiteElo "2584"]
[BlackElo "2653"]
[WhiteTeam "Team Hungary"]
[BlackTeam "Malcolm's Mates"]
[WhiteFideId "751499"]
[BlackFideId "409561"]
[EventDate "2025.06.11"]
[EventType "team"]

1. e4 e5 2. Nf3 Nc6 3. Bc4 Nf6 4. d3 h6 5. O-O Bc5 6. c3 d6 7. b4 Bb6 8. a4 a5
9. b5 Ne7 10. Nbd2 O-O 11. d4 Ng6 12. Qc2 Re8 13. Ba3 exd4 14. cxd4 d5 15. exd5
Nxd5 16. Rfe1 Be6 17. Re4 Qf6 18. Rae1 Red8 19. Qb3 Kh8 20. g3 Qf5 21. Ne5 Qf6
22. Ndf3 Ba7 23. h4 Nxe5 24. Rxe5 c6 25. Bb2 Bb8 26. R5e4 Bd6 27. Ne5 Bb4 28.
R1e2 cxb5 29. axb5 a4 30. Qa2 a3 31. Ba1 Bc3 32. Ng4 Bxg4 33. Rxg4 Nb4 34. Qb1
Bxa1 35. Qxa1 Rdc8 36. Bb3 Qf3 37. Bd1 Qxg4 38. Re8+ Rxe8 39. Bxg4 a2 40. Bf5
Re1+ 41. Qxe1 a1=Q 42. Bb1 Nc2 43. Qd1 Na3 0-1

[Event "FIDE World Rapid Team"]
[Site "London ENG"]
[Date "2025.06.12"]
[Round "6.3"]
[White "Vitiugov, Nikita"]
[Black "Erdos, Viktor"]
[Result "1-0"]
[WhiteTitle "GM"]
[BlackTitle "GM"]
[WhiteElo "2671"]
[BlackElo "2545"]
[WhiteTeam "Malcolm's Mates"]
[BlackTeam "Team Hungary"]
[WhiteFideId "4152956"]
[BlackFideId "719978"]
[EventDate "2025.06.11"]
[EventType "team"]

1. e4 c5 2. Nf3 d6 3. d4 cxd4 4. Nxd4 Nf6 5. Nc3 g6 6. Be3 Nc6 7. f3 e5 8. Nb3
Be6 9. Nd5 Bxd5 10. exd5 Ne7 11. Qd2 Nf5 12. Bg5 h6 13. Bxf6 Qxf6 14. Bb5+ Ke7
15. Qc3 Qh4+ 16. Ke2 Bg7 17. Qc7+ Kf6 18. Bd7 Rhd8 19. g4 e4 20. gxf5 exf3+ 21.
Kd3 Qf4 22. Nd2 Kg5 23. c3 Qe5 24. Nxf3+ 1-0

[Event "FIDE World Rapid Team"]
[Site "London ENG"]
[Date "2025.06.12"]
[Round "6.4"]
[White "Balogh, Csaba"]
[Black "Saric, Ivan"]
[Result "0-1"]
[WhiteTitle "GM"]
[BlackTitle "GM"]
[WhiteElo "2544"]
[BlackElo "2661"]
[WhiteTeam "Team Hungary"]
[BlackTeam "Malcolm's Mates"]
[WhiteFideId "718939"]
[BlackFideId "14508150"]
[EventDate "2025.06.11"]
[EventType "team"]

1. e4 c5 2. Nf3 d6 3. Bb5+ Nd7 4. c3 Nf6 5. Qe2 a6 6. Ba4 b5 7. Bc2 Bb7 8. O-O
e6 9. d4 Qc7 10. Re1 Be7 11. a4 cxd4 12. axb5 dxc3 13. Nxc3 axb5 14. Nxb5 Qb8
15. Rxa8 Bxa8 16. Bf4 O-O 17. Rd1 e5 18. Bg5 h6 19. Bxf6 Nxf6 20. Nd2 Rc8 21.
Bd3 d5 22. exd5 Nxd5 23. Be4 Nf4 24. Qf1 Rd8 25. Bxa8 Qxa8 26. g3 Nd3 27. Nc4 e4
28. Ne3 Bc5 29. Nc3 f5 30. Qe2 Rf8 31. Ncd5 Bxe3 32. Nxe3 f4 33. gxf4 Rxf4 34.
Qh5 Kh7 35. Rf1 Qf8 36. Qe2 Ne5 37. Qh5 Nf3+ 38. Kg2 Qb8 39. Rc1 Qxb2 40. Rd1
Nh4+ 41. Kh1 Qxf2 42. Nd5 Qg2# 0-1

[Event "FIDE World Rapid Team"]
[Site "London ENG"]
[Date "2025.06.12"]
[Round "6.5"]
[White "Bulmaga, Irina"]
[Black "Gaal, Zsoka"]
[Result "1-0"]
[WhiteTitle "IM"]
[BlackTitle "WGM"]
[WhiteElo "2393"]
[BlackElo "2391"]
[WhiteTeam "Malcolm's Mates"]
[BlackTeam "Team Hungary"]
[WhiteFideId "13903063"]
[BlackFideId "777765"]
[EventDate "2025.06.11"]
[EventType "team"]

1. e4 c6 2. d4 d5 3. e5 Bf5 4. Nd2 e6 5. Nb3 h6 6. Nf3 Nd7 7. Be2 Ne7 8. O-O g5
9. a4 Qc7 10. Bd2 a5 11. Ne1 c5 12. c3 Nc6 13. Bb5 c4 14. Nc1 Na7 15. Bxd7+ Qxd7
16. Ne2 Be7 17. Ng3 Bg6 18. Nh5 O-O-O 19. Nc2 Rdg8 20. Ne3 Qe8 21. Nf6 Bxf6 22.
exf6 Bd3 23. Re1 Qd8 24. Ng4 Nc6 25. Ne5 Nxe5 26. dxe5 Qb6 27. Ra2 Kd7 28. Be3
Qb3 29. Qa1 Qc2 30. b3 Qxb3 31. Rb2 Rc8 32. Rxb3 cxb3 33. Bd4 Rc6 34. Qa3 Bc2
35. Qe7+ Kc8 36. Qxf7 Kb8 37. Qe7 b2 38. f7 Rcc8 39. Qd6+ Ka8 40. Qb6 Kb8 41.
Qxb2 1-0

[Event "FIDE World Rapid Team"]
[Site "London ENG"]
[Date "2025.06.12"]
[Round "6.6"]
[White "Marton-John, Almos Kiran"]
[Black "Soulier, Alfred"]
[Result "0-1"]
[WhiteElo "1987"]
[BlackElo "1911"]
[WhiteTeam "Team Hungary"]
[BlackTeam "Malcolm's Mates"]
[WhiteFideId "17013135"]
[BlackFideId "486264"]
[EventDate "2025.06.11"]
[EventType "team"]

1. e4 c5 2. Nf3 d6 3. d4 cxd4 4. Nxd4 Nf6 5. Nc3 a6 6. Nb3 e6 7. Be3 b5 8. a3
Bb7 9. f3 Nbd7 10. g4 h6 11. h4 Rc8 12. Bg2 Ne5 13. Qe2 Nc4 14. Nd1 Qc7 15. Nd2
Nxe3 16. Nxe3 d5 17. exd5 Nxd5 18. Nxd5 Bxd5 19. c3 Bc5 20. Rh3 Qc6 21. Rh2 Bd6
22. Rh3 Ke7 23. Ne4 Bf4 24. Qf2 Rhd8 25. Kf1 Bc4+ 26. Kg1 Rd3 27. Bf1 Be3 28.
Bxd3 Bxf2+ 29. Nxf2 Bxd3 30. Nxd3 Rd8 31. f4 Qe4 32. Re1 Qc4 33. Rd1 a5 34. Kf2
b4 35. axb4 axb4 36. Re3 bxc3 37. bxc3 Qxc3 38. Ke2 Qc6 39. Rf3 Qe4+ 40. Kf2 h5
41. g5 Qf5 42. Rg3 g6 43. Kg2 Qe4+ 44. Kf2 Kf8 45. Re3 Qf5 46. Rg3 Rd4 47. Kg2
Rxf4 48. Nxf4 Qc2+ 49. Kh3 Qxd1 50. Kg2 Qd2+ 0-1